| 000 | 02081nam a22002897a 4500 | ||
|---|---|---|---|
| 003 | GR-AtMCL | ||
| 005 | 20250724120334.0 | ||
| 006 | a|||||r||||||||||| | ||
| 008 | 081027s2007||||gr a|||g bi|| 001 gre # | ||
| 020 | _a9789604610402 | ||
| 040 |
_aGRAtEVE _bgre _dGR-AtMCL _eAACR2 |
||
| 041 | 1 | _heng | |
| 100 | _aComer, Douglas E. | ||
| 245 | 1 | 0 |
_aΔίκτυα και διαδίκτυα υπολογιστών και εφαρμογές τους στο Internet / _cDouglas E. Comer |
| 260 |
_aΑθήνα : _bΚλειδάριθμος, _cc2007 |
||
| 300 |
_a855 σ. : _bεικ. ; _c24 εκ. + _e1 σύμπυκνος δίσκος (CD-ROM) |
||
| 500 | _aΕυρετήριο: σ. [833]-855 | ||
| 500 | _aΤίτλος πρωτοτύπου: Computer networks and Internets with Internet application | ||
| 504 | _aΒιβλιογραφία: σ. [825]-832 | ||
| 520 | _aΟ συγγραφέας οικοδομεί μια ολοκληρωμένη εικόνα των τεχνολογιών στις οποίες βασίζονται οι εφαρμογές του internet. Η έκδοση ξεκινά με προγράμματα-εφαρμογές τα οποία περιλαμβάνουν υπηρεσίες ιστού και συνομιλίας, και έχει συμπεριληφθεί ένα νέο κεφάλαιο για το routing στο internet. Μια εξαιρετική περιήγηση που ξεκινά από τα χαμηλότερα επίπεδα μετάδοσης πακέτων και φτάνει μέχρι τα υψηλότερα επίπεδα του λογισμικού εφαρμογών και εξηγεί πως οι υποκείμενες τεχνολογίες παρέχουν υπηρεσίες και πως οι εφαρμογές του internet χρησιμοποιούν αυτές τις υπηρεσίες. | ||
| 650 | 0 | 7 | _aΔίκτυα υπολογιστών |
| 650 | 0 | 0 |
_aΠληροφορική _99850 |
| 650 | 0 | 7 | _aComputing |
| 700 | 1 |
_4340 _aΦουληράς, Παναγιώτης |
|
| 942 | _cBK | ||
| 999 |
_c9820 _d9820 |
||